|
|
|
|
| LEADER |
01116nam a22003014a 4500 |
| 001 |
41258 |
| 003 |
BD-DhAAL |
| 008 |
230523t2001 enkab b 001 0 eng d |
| 010 |
|
|
|a 00034301
|
| 020 |
|
|
|a 9780552999236
|
| 020 |
|
|
|a 0465016154
|
| 020 |
|
|
|a 9780465016150
|
| 040 |
|
|
|a DLC
|c DLC
|d DLC
|d BD-DhAAL
|
| 042 |
|
|
|a pcc
|
| 050 |
0 |
0 |
|a HB501
|b .S778 2000
|
| 082 |
0 |
0 |
|a 330.122
|2 23
|
| 100 |
1 |
|
|a Soto, Hernando de,
|d 1941-
|9 47304
|
| 245 |
1 |
4 |
|a The mystery of capital :
|b why capitalism triumphs in the West and fails everywhere else /
|c Hernando de Soto.
|
| 260 |
|
|
|a New York :
|b Basic Books,
|c c2000.
|
| 300 |
|
|
|a 276 pages :
|b illustrations ;
|c 25 cm.
|
| 504 |
|
|
|a Includes bibliographical references and index.
|
| 541 |
|
|
|a Donated By Akbar Ali Khan
|e 41258
|
| 650 |
|
0 |
|a Capitalism.
|
| 650 |
|
0 |
|a Economics.
|
| 852 |
|
|
|a Ayesha Abed Library
|c Akbar Ali Khan Collection
|
| 942 |
|
|
|2 ddc
|c BK
|
| 999 |
|
|
|c 45801
|d 45801
|
| 952 |
|
|
|0 0
|1 0
|2 ddc
|4 0
|6 330_122000000000000_SOT
|7 1
|9 73682
|a BRACUL
|b BRACUL
|c AAKC
|d 2023-05-24
|e Donated By Akbar Ali Khan
|g 1210.00
|l 0
|o 330.122 SOT
|p 3010041258
|r 2023-05-24
|t 1
|w 2023-05-24
|y BK
|x £8.99
|